Statistiques concernant Retrouvez les participants à la CAN 2023 !

Cliquez ici pour prendre le quiz!

Statistiques générales

  • Ce quiz a été pris 118 fois
  • Le résultat moyen est 19 sur 24

Statistiques - réponses

GroupeRéponse% Correct
Groupe DAlgérie
98%
Groupe FMaroc
97%
Groupe ETunisie
97%
Groupe CSénégal
94%
Groupe ACôte d'Ivoire
91%
Groupe FRD Congo
90%
Groupe EAfrique du Sud
89%
Groupe BEgypte
89%
Groupe CCameroun
86%
Groupe CGuinée
86%
Groupe EMali
86%
Groupe ANigéria
81%
Groupe BGhana
77%
Groupe DMauritanie
73%
Groupe DAngola
72%
Groupe FZambie
72%
Groupe DBurkina Faso
67%
Groupe AGuinée-équatoriale
67%
Groupe BCap-Vert
65%
Groupe AGuinée-Bissau
61%
Groupe FTanzanie
61%
Groupe ENamibie
56%
Groupe CGambie
55%
Groupe BMozambique
55%

Distribution des résultats

Percentile par nombre de réponses

% des personnes avec chaque résultat

Votre développement - résultats

Vous n’avez pas pris ce quiz